| 000 | 01205nam0a22003131 4500 | ||
|---|---|---|---|
| 001 | rc\2988773 | ||
| 005 | 20250810054419.0 | ||
| 035 | _a(NLR Aleph) 007132983 | ||
| 090 |
_a6978389 _c6978389 |
||
| 100 | _a20110914d1944 u y0rusy50 ca | ||
| 101 | 0 | _arus | |
| 102 | _aRU | ||
| 105 | _ay z ||||| | ||
| 200 | 1 |
_aСоциалистический заказ изобретателям и рационализаторам _fТрест АзГаз |
|
| 210 |
_aБаку _cАзнефтиздат _d1944 _gтип. "III Интернационал" |
||
| 215 |
_a15 с. _d15 см |
||
| 300 | _aБез обл. | ||
| 300 | _aНа обороте тит. л. указаны составители: Б.А. Мишне, С.М. Адамов | ||
| 702 | 1 |
_aМишне _bБ.А. _4220 |
|
| 702 | 1 |
_aАдамов _bС.М. _4220 |
|
| 710 | 0 | 2 |
_a"Азгаз", трест _cБаку _9748844 _3RU\NLR\AUTH\880542280 |
| 801 | 0 |
_aRU _bNLR _gpsbo |
|
| 801 | 1 |
_aRU _bELAR _2rusmarc |
|
| 852 |
_aNLR _jТ44 Г-2/75 |
||
| 942 | _cBOOK | ||
| 945 |
_aРоссийская национальная библиотека _aНациональная библиотека Азербайджана |
||
| 980 | _aNB | ||
| 980 | _aBV | ||